000 00673nam a2200205Ia 4500
003 OSt
005 20250804164916.0
008 221004b |||||||| |||| 00| 0 pan d
020 _a9789352314096 (pbk)
037 _cTextual
040 _aCRL
_cCRL
_bpan
041 _2pan
_apan
100 _aਤਰਸੇਮ,
_9817198
245 0 _aਸ਼ਬਦ ਸ਼ਬਦ ਨਾਨਕ
260 _aਸਮਾਣਾ, ਭਾਰਤ :
_bਸੰਗਮ,
_c2019.
300 _a256ਪ੍ਰ0
_ccm.
650 _aਸਿੱਖ ਧਰਮ
_9156314
942 _hQ8441xI69, 153Q9
_cTEXL
_2cc
_n0
999 _c1024635
_d1024635